| 000 | 00379 a2200157 4500 | ||
|---|---|---|---|
| 003 | OSt | ||
| 005 | 20180116182649.0 | ||
| 008 | 160428b xxu||||| |||| 00| 0 eng d | ||
| 020 | _a8131501582 | ||
| 040 | _c0 | ||
| 100 | _aThomas C. O' Guinn | ||
| 245 | _aAdvertising and Integrated Brand Promotion. | ||
| 250 | _afourth | ||
| 260 | _c2007 | ||
| 942 |
_aNBS _cBK _k659.1 OGU _2ddc |
||
| 999 |
_c343629 _d343629 |
||